[Event "BRA-ch sf Reg2 86th"]
[Site "Recife"]
[Date "2019.12.22"]
[Round "6"]
[White "Nobre, Jose Adalberto Barb"]
[Black "Santos, Lucas Henrique Azev"]
[Result "0-1"]
[WhiteElo "1631"]
[BlackElo "1410"]
[PlyCount "44"]
[EventDate "2019.12.19"]
[EventType "swiss"]
[EventRounds "7"]
[EventCountry "BRA"]
[SourceTitle "CBM 194 Extra"]
[Source "ChessBase"]
[SourceDate "2020.03.31"]
[SourceVersion "1"]
[SourceVersionDate "2020.03.31"]
[SourceQuality "1"]

1. e4 c5 2. Nc3 Nc6 3. f4 e5 4. fxe5 Nxe5 5. Nf3 Nc6 6. Bc4 Nf6 7. d3 Be7 8. e5 Ng4 9. Bf4 d6 10. Qe2 0-0 11. exd6 Bxd6 12. Bxd6 Qxd6 13. Ne4 Qh6 14. Neg5 Nd4 15. Qd2 Nxf3+ 16. gxf3 Qh4+ 17. Kd1 Nf2+ 18. Kc1 Nxh1 19. Ne4 Bf5 20. b3 Bxe4 21. fxe4 Qf6 22. c3 Qf1+ 0-1

[Event "Recife Arraes Memorial 7th"]
[Site "Recife"]
[Date "2014.08.31"]
[Round "5"]
[White "Santos, Lucas Henrique Azev"]
[Black "Monte, Edmar Ferreira"]
[Result "0-1"]
[WhiteElo "1693"]
[BlackElo "1653"]
[PlyCount "118"]
[EventDate "2014.08.29"]
[EventType "swiss"]
[EventRounds "6"]
[EventCountry "BRA"]
[SourceTitle "EXT 2015"]
[Source "ChessBase"]
[SourceDate "2014.11.20"]
[SourceVersion "1"]
[SourceVersionDate "2014.11.20"]
[SourceQuality "1"]

1. c4 Nf6 2. d4 e6 3. Nf3 b6 4. g3 Ba6 5. e3 d5 6. Qa4+ c6 7. Ne5 dxc4 8. Nxc6 Qd7 9. Bg2 b5 10. Nxb8 bxa4 11. Nxd7 Bb4+ 12. Nc3 Kxd7 13. Bxa8 Rxa8 14. Bd2 Bxc3 15. Bxc3 Rb8 16. f3 Nd5 17. Kd2 f5 18. e4 fxe4 19. fxe4 Nf6 20. Ke3 Ng4+ 21. Kd2 Nf2 22. Rhe1 Rf8 23. d5 g6 24. dxe6+ Kxe6 25. Re2 Rd8+ 26. Ke3 Ng4+ 27. Kf3 h5 28. Kg2 Bb7 29. h3 Nh6 30. Rf1 Nf5 31. g4 hxg4 32. hxg4 Nd4 33. Ref2 Bxe4+ 34. Kg3 Bd3 35. Re1+ Kd5 36. Bxd4 Kxd4 37. Rf4+ Kc5 38. a3 Rd5 39. Re7 a5 40. Ra7 Kb6 41. Rff7 Rb5 42. Rfb7+ Kc6 43. Rg7 Rxb2 44. Rxa5 c3 45. Ra8 c2 46. Rc8+ Kb6 47. Rgc7 Rb3 48. Rc6+ Ka5 49. Rc5+ Rb5 50. Rxc2 Bxc2 51. Rxc2 Rb3+ 52. Kh4 Rxa3 53. Rc5+ Kb4 54. Rc1 Kb3 55. Kg5 Kb2 56. Rh1 Rc3 57. Rh8 a3 58. Rb8+ Kc1 59. Kxg6 a2 0-1

[Event "Recife Arraes Memorial 7th"]
[Site "Recife"]
[Date "2014.08.30"]
[Round "3"]
[White "Santos, Lucas Henrique Azev"]
[Black "De Moura Filho, Eny Nobrega"]
[Result "1-0"]
[WhiteElo "1693"]
[BlackElo "1585"]
[PlyCount "33"]
[EventDate "2014.08.29"]
[EventType "swiss"]
[EventRounds "6"]
[EventCountry "BRA"]
[SourceTitle "EXT 2015"]
[Source "ChessBase"]
[SourceDate "2014.11.20"]
[SourceVersion "1"]
[SourceVersionDate "2014.11.20"]
[SourceQuality "1"]

1. c4 Nf6 2. d4 d5 3. c5 c6 4. Nf3 Nbd7 5. b4 b5 6. e3 g6 7. a4 Bb7 8. axb5 cxb5 9. Bxb5 a5 10. c6 Qc7 11. cxb7 Qxb7 12. Qa4 e6 13. bxa5 Qc7 14. 0-0 Bd6 15. g3 0-0 16. Ba3 Bxa3 17. Rxa3 1-0